Nábor, výber a prijímanie zamestnancov v podniku Exhaust Systems Product Group

Salvato in:
Dettagli Bibliografici
Autore principale: Kuricová, Radka, 1990- (Autore)
Altri autori: Rusková, Dagmar, 1954- (Relatore della tesi)
Natura: Manoscritto Libro
Lingua:slovacco
Pubblicazione: Trnava : STU v Bratislave MTF UPMK, 2012
Soggetti:
Accesso online:VAIS
Tags: Aggiungi Tag
Nessun Tag, puoi essere il primo ad aggiungerne!!

MARC

LEADER 00000ntm a22000003a 4500
001 stu251522
005 20150617230203.5
008 120719s2012----xo------------------slo-d
040 |a STU  |b slo 
041 0 |a slo 
044 |a xo 
100 1 |a Kuricová, Radka,  |d 1990-  |4 aut  |u M  |T MTF Materiálovotechnologická fakulta  |X 66255  |U M  |Y 60  |7 A000066255 
242 0 0 |a Recruitment, selection and intake employees in firm Exhaust Systems Product Group  |y eng 
245 1 |a Nábor, výber a prijímanie zamestnancov v podniku Exhaust Systems Product Group 
260 |a Trnava :  |b STU v Bratislave MTF UPMK,  |c 2012 
300 |a 53s  |c CD ROM 
650 7 |a personálna práca v priemyselnom podniku  |2 stusub 
650 7 |a Personnel Policy in Industrial Plant  |2 estusub 
650 7 |a personnel planning  |2 estusub 
650 7 |a získavanie zamestnancov  |2 stusub 
650 7 |a personálne plánovanie  |2 stusub 
700 1 |a Rusková, Dagmar,  |d 1954-  |4 ths  |u M0100  |U MTF Materiálovotechnologická fakulta  |T MTF Centrum jazykov, humanitných vied a akademického športu  |X 281  |U M0100  |Y 472  |7 281 
856 4 |a info a plný text  |u http://is.stuba.sk/zp/portal_zp.pl?podrobnosti=66326  |3 VAIS 
996 |c M*BP-5815  |l MMSKP  |s P  |a 0  |w stu251522_0001